| Tag |
First Indicator |
Second Indicator |
Subfields |
| LEADER |
00000cam a2200000Ma 4500 |
| 001 |
in00002695921 |
| 005 |
20150922103732.0 |
| 008 |
120207s2012 ii b 001 0 eng |
| 020 |
|
|
|a 8177082914
|
| 020 |
|
|
|a 9788177082913
|
| 035 |
|
|
|a (OCoLC)ocn781574720
|
| 040 |
|
|
|a AU@
|c AU@
|d YDX
|d BWK
|d UtOrBLW
|
| 049 |
|
|
|a TXAM
|
| 050 |
|
4 |
|a HC441
|b .V66 2012
|
| 082 |
0 |
|
|a 337.15
|2 23
|
| 100 |
1 |
|
|a Von Feigenblatt, Otto.
|
| 245 |
1 |
4 |
|a The Association of Southeast Asian Nations (ASEAN) :
|b conflict and development /
|c by Otto F. von Feigenblatt.
|
| 264 |
|
1 |
|a New Delhi :
|b New Century Publications,
|c 2012.
|
| 300 |
|
|
|a xv, 376 pages ;
|c 23 cm.
|
| 336 |
|
|
|a text
|b txt
|2 rdacontent
|
| 337 |
|
|
|a unmediated
|b n
|2 rdamedia
|
| 338 |
|
|
|a volume
|b nc
|2 rdacarrier
|
| 504 |
|
|
|a Includes bibliographical references (pages [353]-369]) and index.
|
| 505 |
2 |
|
|a Structural analysis of ASEAN : conflict avoidance and consensus -- Socio-economic development in Southeast Asia : an overview -- A structural analysis of socio-cultural integration in ASEAN -- Conclusions and for further research.
|
| 610 |
2 |
0 |
|a ASEAN.
|
| 650 |
|
0 |
|a Conflict management
|z Southeast Asia.
|
| 650 |
|
0 |
|a Cooperation
|z Southeast Asia.
|
| 651 |
|
0 |
|a Southeast Asia
|x Commerce.
|
| 651 |
|
0 |
|a Southeast Asia
|x Economic integration.
|
| 651 |
|
0 |
|a Southeast Asia
|x Politics and government.
|
| 651 |
|
0 |
|a Southeast Asia
|x Social conditions.
|
| 945 |
|
|
|a PromptCat
|b 947241
|
| 946 |
|
|
|a stk
|
| 947 |
|
|
|a A14835895746
|
| 948 |
|
|
|a cataloged
|b h
|c 2012/7/13
|d c
|e dmitchel
|f 12:12:12 pm
|
| 994 |
|
|
|a 92
|b TXA
|
| 999 |
|
|
|a MARS
|
| 999 |
f |
f |
|s c3f94d8a-d488-3df9-8f8d-9bf987147757
|i fbdb7fff-0feb-320f-abf8-7da3c2747386
|t 0
|
| 952 |
f |
f |
|p ric
|a Texas A&M University
|b Rellis Campus
|c Joint Library Facility
|d Remote Storage
|t 0
|e HC441 .V66 2012
|h Library of Congress classification
|i unmediated -- volume
|m A14835895746
|
| 998 |
f |
f |
|a HC441 .V66 2012
|t 0
|l Remote Storage
|